Diamond Producing Countries Quiz Stats

 Plays Quiz Updated Mar 22, 2019

Score 0/16 Timer 05:00
7 Plays Today
Carats Per Year (Thousands) Country % Correct
3,500South Africa
92.3%
100China
79.8%
17,800Russia
77.8%
200Brazil
69.9%
5,500Democratic Republic of the Congo
65.7%
11,800Canada
65.1%
100Australia
63.6%
1,200Namibia
58.6%
Carats Per Year (Thousands) Country % Correct
25,000Botswana
58%
12,500Angola
57.1%
77Tanzania
47.9%
240Sierra Leone
46.5%
300Ghana
45%
250Central African Republic
44.7%
550Guinea
31.7%
144Guyana
9.1%

You're not logged in!

Compare scores with friends on all Sporcle quizzes.
OR
Log In

Sporcle TV

Today on Sporcle TV


Watch our educational content, quiz creation guides, and fun videos on Sporcle TV.

Show Comments

Extras

Top Quizzes Today


Score Distribution

Your Account Isn't Verified!

In order to create a playlist on Sporcle, you need to verify the email address you used during registration. Go to your Sporcle Settings to finish the process.

Report this User

Report this user for behavior that violates our Community Guidelines.

Details: